Statystyki dla Stolice Świata

Kliknij tutaj aby rozwiązać quiz!

Ogólne statystyki

  • Ten quiz został rozwiązany 649 razy
  • Średni wynik to 73 z 194

Statystyki odpowiedzi

HintOdpowiedź% Poprawnych
CzechyPraga
94%
FrancjaParyż
93%
AustriaWiedeń
93%
GrecjaAteny
91%
NiemcyBerlin
91%
HiszpaniaMadryt
91%
BiałoruśMińsk
91%
PolskaWarszawa
91%
BelgiaBruksela
90%
Wielka BrytaniaLondyn
89%
WłochyRzym
89%
HolandiaAmsterdam
88%
FinlandiaHelsinki
88%
DaniaKopenhaga
88%
WatykanWatykan
88%
UkrainaKijów
87%
NorwegiaOslo
87%
AndoraAndora
86%
IrlandiaDublin
86%
LuksemburgLuksemburg
86%
ChorwacjaZagrzeb
86%
PortugaliaLizbona
85%
MonakoMonako
85%
San MarinoSan Marino
85%
BułgariaSofia
85%
WęgryBudapeszt
84%
LitwaWilno
84%
RumuniaBukareszt
83%
ŁotwaRyga
83%
SzwecjaSztokholm
83%
SłowacjaBratysława
80%
SzwajcariaBerno
78%
AlbaniaTirana
77%
Bośnia i HercegowinaSarajewo
76%
Stany ZjednoczoneWaszyngton
73%
MeksykMeksyk
70%
CyprNikozja
69%
ChinyPekin
69%
SerbiaBelgrad
68%
BrazyliaBrasilia
68%
JaponiaTokio
68%
RosjaMoskwa
67%
ArgentynaBuenos Aires
65%
LiechtensteinVaduz
65%
SłoweniaLublana
63%
MacedoniaSkopje
63%
MołdawiaKiszyniów
62%
KanadaOttawa
62%
TurcjaAnkara
58%
IslandiaReykjavik
58%
EstoniaTallinn
57%
CzarnogóraPodgorica
56%
EgiptKair
53%
AustraliaCanberra
51%
MaltaValletta
51%
UrugwajMontevideo
50%
Korea PołudniowaSeul
50%
KubaHawana
48%
PeruLima
48%
PanamaPanama
48%
ChileSantiago
48%
KolumbiaBogota
47%
AzerbejdżanBaku
45%
WenezuelaCaracas
42%
MongoliaUłan Bator
42%
IndieNowe Delhi
41%
AlgieriaAlgier
40%
Korea PółnocnaPjongjang
39%
IranTeheran
39%
KazachstanAstana
38%
IrakBagdad
37%
SyriaDamaszek
37%
EkwadorQuito
37%
SingapurSingapur
37%
GruzjaTbilisi
37%
AfganistanKabul
36%
JamajkaKingston
35%
FilipinyManila
35%
IndonezjaDżakarta
34%
KuwejtKuwejt
34%
Nowa ZelandiaWellington
34%
TajlandiaBangkok
33%
ArmeniaErywań
33%
MarokoRabat
33%
Arabia SaudyjskaRijad
32%
Zjednoczone Emiraty ArabskieAbu Zabi
30%
WietnamHanoi
30%
BoliwiaSucre
29%
TunezjaTunis
29%
SenegalDakar
28%
SalwadorSan Salvador
28%
GujanaGeorgetown
27%
GwatemalaGwatemala
27%
HaitiPort-au-Prince
27%
MadagaskarAntananarywa
26%
ParagwajAsuncion
26%
KeniaNairobi
26%
Republika Południowej AfrykiPretoria
26%
IzraelTel Awiw
26%
BangladeszDhaka
25%
MalezjaKuala Lumpur
25%
MalediwyMale
25%
DżibutiDżibuti
24%
PakistanIslamabad
24%
KostarykaSan Jose
24%
JordaniaAmman
23%
LibanBejrut
23%
NepalKatmandu
23%
BahamyNassau
23%
Trynidad i TobagoPort-of-Spain
23%
HondurasTegucigalpa
23%
SurinamParamaribo
22%
JemenSana
22%
DominikanaSanto Domingo
22%
EtiopiaAddis Abeba
21%
BelizeBelmopan
21%
NikaraguaManagua
21%
LaosWientian
21%
KirgistanBiszkek
20%
Demokratyczna Republika KongaKinszasa
20%
SudanChartum
19%
TadżykistanDuszanbe
19%
Saint Vincent i GrenadynyKingstown
19%
KambodżaPhnom Penh
19%
Gwinea BissauBissau
18%
BarbadosBridgetown
18%
Timor WschodniDili
18%
BahrajnManama
18%
UzbekistanTaszkent
18%
LibiaTrypolis
18%
GhanaAkra
17%
TurkmenistanAszchabad
17%
OmanMaskat
17%
CzadNdżamena
17%
Antigua i BarbudaSaint John's
17%
BruneiBandar Seri Begawan
16%
AngolaLuanda
16%
MozambikMaputo
16%
DominikaRoseau
16%
Sri LankaSri Dźajawardanapura Kotte
16%
FidżiSuva
16%
GabonLibreville
15%
TogoLome
15%
NigerNiamey
15%
Papua-Nowa GwineaPort Moresby
15%
BhutanThimphu
15%
SeszeleVictoria
15%
NigeriaAbudża
14%
ErytreaAsmara
14%
KongoBrazzaville
14%
Saint LuciaCastries
14%
KamerunJaunde
14%
ZambiaLusaka
14%
GrenadaSaint George's
14%
SamoaApia
13%
GambiaBandżul
13%
TanzaniaDodoma
13%
Sierra LeoneFreetown
13%
ZimbabweHarare
13%
Wyspy SalomonaHoniara
13%
RwandaKigali
13%
GwineaKonakry
13%
SomaliaMogadiszu
13%
LiberiaMonrovia
13%
TongaNuku'alofa
13%
BeninPorto-Novo
13%
Wyspy Świętego Tomasza i KsiążęcaSao Tome
13%
Burkina FasoWagadugu
13%
Saint Kitts i NevisBasseterre
12%
BotswanaGaborone
12%
Wybrzeże Kości SłoniowejJamusukro
12%
Wyspy MarshallaMajuro
12%
LesothoMaseru
12%
Birma / MjanmaNaypyidaw
12%
MauritiusPort Louis
12%
VanuatuPort Vila
12%
KatarAd-Dauha
11%
MaliBamako
11%
Republika ŚrodkowoafrykańskaBangi
11%
Sudan PołudniowyDżuba
11%
UgandaKampala
11%
Gwinea RównikowaMalabo
11%
KomoryMoroni
11%
MauretaniaNawakszut
11%
MikronezjaPalikir
11%
NamibiaWindhuk
11%
KiribatiBairiki
10%
BurundiBużumbura
10%
Republika Zielonego PrzylądkaPraia
10%
NauruYaren
10%
MalawiLilongwe
9%
PalauNgerulmud
9%
TuvaluVaiaku
9%
SuaziMbabane
8%

Rozkład punktacji

Percentyl według liczby udzielonych odpowiedzi

Procent ludzi z każdym wynikiem

Twoja historia wyników

Nie rozwiązałeś tego quizu